Nghiên cứu phát thải khí CH4 vụ lúa thu đông ở một số huyện tỉnh An Giang : Luận văn tốt nghiệp Cao học. Chuyên ngành Khoa học môi trường
Xác định ruộng lúa canh tác ít phát thải khí CH4 qua 02 nghiệm thức ngập khô xen kẽ và ngập nước liên tục. Khảo sát ảnh hưởng của việc canh tác lúa và quản lý nước ngập khô xen kẽ hay ngập nước liên tục đến một số đặc tính của đất, na...
Đã lưu trong:
| 主要作者: | |
|---|---|
| 格式: | 圖書 |
| 語言: | Undetermined |
| 出版: |
Cần Thơ
Trường Đại học Cần Thơ
2018
|
| 主題: | |
| 標簽: |
添加標簽
沒有標簽, 成為第一個標記此記錄!
|
| Thư viện lưu trữ: | Trung tâm Học liệu Trường Đại học Cần Thơ |
|---|
| LEADER | 01231nam a2200217Ia 4500 | ||
|---|---|---|---|
| 001 | CTU_226952 | ||
| 008 | 210402s9999 xx 000 0 und d | ||
| 082 | |a 363.7392 | ||
| 082 | |b Th523 | ||
| 100 | |a Trần, Thị Thanh Thúy | ||
| 245 | 0 | |a Nghiên cứu phát thải khí CH4 vụ lúa thu đông ở một số huyện tỉnh An Giang : | |
| 245 | 0 | |b Luận văn tốt nghiệp Cao học. Chuyên ngành Khoa học môi trường | |
| 245 | 0 | |c Trần Thị Thanh Thúy ; Nguyễn Xuân Lộc (Cán bộ hướng dẫn) | |
| 260 | |a Cần Thơ | ||
| 260 | |b Trường Đại học Cần Thơ | ||
| 260 | |c 2018 | ||
| 520 | |a Xác định ruộng lúa canh tác ít phát thải khí CH4 qua 02 nghiệm thức ngập khô xen kẽ và ngập nước liên tục. Khảo sát ảnh hưởng của việc canh tác lúa và quản lý nước ngập khô xen kẽ hay ngập nước liên tục đến một số đặc tính của đất, năng suất lúa. | ||
| 650 | |a Không khí,Air | ||
| 650 | |x Ô nhiễm,Pollution | ||
| 910 | |b nthai | ||
| 980 | |a Trung tâm Học liệu Trường Đại học Cần Thơ | ||